000 00945nam a2200229 a 4500
001 BRCA_4296
005 20190320204622.0
008 810213r18001983mx-ah#####---#000-0#spa-#
041 _aspa
044 _amx
050 4 _aF1215
_b.A43 1983
245 1 0 _aAlbum mexicano
_bcolección de paisajes, monumentos, costumbres y ciudades principales de la república
_clitografiadas por C. Castro ... [et al.] ; introducción Graciela Romandía de Cantú.
260 _aMéxico
_bCelanese Mexicana
_c1983
300 _a7 p.
_bil. a color, 25 láminas
_c45 cm.
500 _aFacsímil de: Album Mexicano. Antigua Litografia Debray Sucs., C. Montauriol. [1800]
500 _aPor su formato NO se presta a domicilio
651 4 _aMéxico
_xVida social y costumbres
_ySiglo XIX
_911047
651 4 _aMéxico
_xEdificios, estructuras, etc.
_ySiglo XIX
_911048
700 1 _aCastro, C.
_911049
700 1 _aRomandía de Cantú, Graciela
_9817
942 _2lcc
_cB
999 _c4007
_d4007